[Event "Senigallia op-A"]
[Site "Senigallia"]
[Date "2010.07.27"]
[Round "3"]
[White "Gorgoglione, Enrico"]
[Black "Liverani, Matteo"]
[Result "1-0"]
[WhiteElo "1938"]
[BlackElo "1842"]
[PlyCount "51"]
[EventDate "2010.07.25"]
[EventType "swiss"]
[EventRounds "7"]
[EventCountry "ITA"]
[SourceTitle "CBM 137 Extra"]
[Source "ChessBase"]
[SourceDate "2010.09.01"]
[SourceVersion "1"]
[SourceVersionDate "2010.09.01"]
[SourceQuality "1"]

1. e4 e6 2. d4 d5 3. Nd2 Nf6 4. e5 Nfd7 5. Bd3 c5 6. c3 Nc6 7. Qg4 cxd4 8. cxd4 Qe7 9. Ne2 Nb6 10. 0-0 Bd7 11. Nb3 Nb4 12. Bb1 Bb5 13. Nc5 Bxe2 14. Qxe2 Nc6 15. Be3 Nc4 16. Rc1 Rc8 17. Bd3 Nxe3 18. Qxe3 Nxd4 19. Nxb7 Qxb7 20. Qxd4 Rxc1+ 21. Rxc1 Be7 22. Qa4+ Kf8 23. Ba6 Qb6 24. Rc6 Qxb2 25. Rc8+ Bd8 26. Rxd8+ 1-0